Представление документа в формате RUSMARC

ПолеНазваниеЗначение
  Тип записи a
  Библиографический уровень c
001 Контрольный номер RU/SLIB/B/208738556
005 Дата корректировки 20201206204047.7
010 Индекс ISBN __
a ISBN 5-89332-038-7
d Цена 182-80
101 Язык документа 0_
a Язык текста rus
c Язык оригинала rus
200 Заглавие и сведения об ответственности 0_
a Заглавие Полное собрание драматических сочинений
f Первые сведения об ответственности И. А. Крылов ; подгот. изд. А. Н. Киселева
b Общее обозначение материала Текст
210 Выходные данные __
a Место издания СПб.
c Издательство Гиперион
d Дата издания 2001
215 Физическое описание __
a Объем 672 с., 1 л. портр.
225 Серия __
a Серия Российская драматическая библиотека
v Обозначение тома кн.1
327 Примечание о содержании __
a Примечание о содержании Кофейница
330 Аннотация __
a Аннотация Полное собрание драматических сочинений И.А. Крылова.
600 Персоналии __
a Персоналии (Фамилия) Крылов, И. А.
606 Тематические рубрики __
a Основная рубрика Художественная литература
y Географическая подрубрика Россия
606 Тематические рубрики __
a Основная рубрика Русская литература XIX в. (произведения)
610 Ключевые слова __
a Ключевые слова драматурги; комедии; комические оперы; трагедии; шуто-трагедии; оперы; персоналии
686 Индексы других классификаций __
a Классификационный индекс 84(2=411.2)5-6; ст84(2Рос=Рус)1-6
700 Автор _1
a Фамилия Крылов
b Имя И. А.
4 Код отношения 070
702 Вторичная интеллектуальная ответственность _1
a Фамилия Киселева
b Имя А. Н.
4 Код отношения Составитель
4 Код отношения 220
801 Источник записи _0
a Страна RU
b Организация Муниципальное бюджетное учреждение культуры "Централизованная библиотечная система" г. Сургут (Центральная городская библиотека им. А. С. Пушкина)
g Правила каталогизации КиК/Поспелова
801 Источник записи _1
a Страна RU
b Организация Муниципальное бюджетное учреждение культуры "Централизованная библиотечная система" г. Сургут (Центральная городская библиотека им. А. С. Пушкина)
g Правила каталогизации КиК/Поспелова
852 Данные о местонахождении __
j Шифр хранения 84(2=411.2)5-6
c Каталожный индекс 84(2Рос=Рус)1-6
i Авторский знак К 85
901 Тип документа __
t Тип документа x
903 Характеристики (МАРС) __
a Дата передачи 20030530
969 Тип издания __
a Тип издания сборник
990 Данные о заказе (DOS) __
j Количество экземпляров (DOS) 9
t N записи в КСУ для И/У (DOS) 200306